Sports Quiz

Random Sports Quiz

Top 10 North Melbourne Players Quiz Stats

 Plays Quiz not verified by Sporcle

Support Sporcle.
Go Orange.
Score 0/10 Timer 04:00
0 Plays Today
Hint Answer % Correct
BBen Cunnington
93.3%
SShaun Higgins
93.3%
JJack Ziebell
93.3%
BBen Brown
93.3%
RRobbie Tarrant
66.7%
TTodd Goldstein
60%
SScott Thompson
46.7%
CCameron Zurhaar
40%
MMarley Williams
33.3%
JJy Simpkin
26.7%

You're not logged in!

Compare scores with friends on all Sporcle quizzes.
OR
Log In

From the Vault

Super Bowl Victories Gridfield

by Hejman

Does that make this a Super Gridfield by proxy?
Remove Ads.
Support Sporcle.
Get the best of Sporcle when you Go Orange. This ad-free experience offers more features, more stats, and more fun while also helping to support Sporcle. Thank you for becoming a member.

Show Comments

Extras

Created Jul 8, 2019ReportNominate
Tags:Melbourne, north, Player

Top Quizzes Today


Score Distribution

Your Account Isn't Verified!

In order to create a playlist on Sporcle, you need to verify the email address you used during registration. Go to your Sporcle Settings to finish the process.

Report this User

Report this user for behavior that violates our Community Guidelines.

Details: